<?xml version="1.0" encoding="UTF-8"?>
<record
    xmlns:xsi="http://www.w3.org/2001/XMLSchema-instance"
    xsi:schemaLocation="http://www.loc.gov/MARC21/slim http://www.loc.gov/standards/marcxml/schema/MARC21slim.xsd"
    xmlns="http://www.loc.gov/MARC21/slim">

  <leader>02209nam a22003137a 4500</leader>
  <controlfield tag="003">OSt</controlfield>
  <controlfield tag="005">20260515122822.0</controlfield>
  <controlfield tag="008">250910b        |||||||| |||| 00| 0 eng d</controlfield>
  <datafield tag="022" ind1=" " ind2=" ">
    <subfield code="a">1532-7663</subfield>
  </datafield>
  <datafield tag="022" ind1=" " ind2=" ">
    <subfield code="a">1057-7408</subfield>
  </datafield>
  <datafield tag="040" ind1=" " ind2=" ">
    <subfield code="a">English</subfield>
    <subfield code="c">tbs</subfield>
  </datafield>
  <datafield tag="041" ind1=" " ind2=" ">
    <subfield code="a">English</subfield>
  </datafield>
  <datafield tag="100" ind1=" " ind2=" ">
    <subfield code="a">Morhart, Felicitas</subfield>
    <subfield code="9">11929</subfield>
    <subfield code="e">author</subfield>
  </datafield>
  <datafield tag="245" ind1=" " ind2=" ">
    <subfield code="a">Brand authenticity</subfield>
    <subfield code="b">: an integrative framework and measurement scale</subfield>
    <subfield code="c">/ Felicitas Morhart, Lucia Mal&#xE4;r, Am&#xE9;lie Gu&#xE8;vremont, Florent Girardin, Bianca Grohmann.</subfield>
  </datafield>
  <datafield tag="260" ind1=" " ind2=" ">
    <subfield code="b">Journal of Consumer Psychology,</subfield>
    <subfield code="c">2015.</subfield>
  </datafield>
  <datafield tag="362" ind1=" " ind2=" ">
    <subfield code="a">Journal of consumer psychology, 2015-04, Vol.25 (2), p.200-218</subfield>
  </datafield>
  <datafield tag="520" ind1=" " ind2=" ">
    <subfield code="a">Although brand authenticity is gaining increasing interest in consumer behavior research and managerial practice, literature on its measurement and contribution to branding theory is still limited. This article develops an integrative framework of the concept of brand authenticity and reports the development and validation of a scale measuring consumers' perceived brand authenticity (PBA). A multi-phase scale development process resulted in a 15-item PBA scale measuring four dimensions: credibility, integrity, symbolism, and continuity. This scale is reliable across different brands and cultural contexts. We find that brand authenticity perceptions are influenced by indexical, existential, and iconic cues, whereby some of the latters' influence is moderated by consumers' level of marketing skepticism. Results also suggest that PBA increases emotional brand attachment and word-of-mouth, and that it drives brand choice likelihood through self-congruence for consumers high in self-authenticity</subfield>
  </datafield>
  <datafield tag="630" ind1=" " ind2="0">
    <subfield code="a">MSc Brand Management &amp; Creativity</subfield>
    <subfield code="9">26051</subfield>
  </datafield>
  <datafield tag="650" ind1=" " ind2="0">
    <subfield code="a">Branding (Marketing)</subfield>
    <subfield code="9">6284</subfield>
  </datafield>
  <datafield tag="650" ind1=" " ind2="0">
    <subfield code="a">Brand name products</subfield>
    <subfield code="9">2371</subfield>
  </datafield>
  <datafield tag="650" ind1=" " ind2="0">
    <subfield code="a">Authenticity (Philosophy)</subfield>
    <subfield code="9">27111</subfield>
  </datafield>
  <datafield tag="650" ind1=" " ind2="0">
    <subfield code="a">Public relations</subfield>
    <subfield code="9">2442</subfield>
  </datafield>
  <datafield tag="700" ind1=" " ind2=" ">
    <subfield code="a">Mal&#xE4;r, Lucia </subfield>
    <subfield code="9">26414</subfield>
    <subfield code="e">author</subfield>
  </datafield>
  <datafield tag="700" ind1=" " ind2=" ">
    <subfield code="a">Gu&#xE8;vremont, Am&#xE9;lie</subfield>
    <subfield code="9">26415</subfield>
    <subfield code="e">author</subfield>
  </datafield>
  <datafield tag="700" ind1=" " ind2=" ">
    <subfield code="a">Girardin, Florent </subfield>
    <subfield code="9">26416</subfield>
    <subfield code="e">author</subfield>
  </datafield>
  <datafield tag="700" ind1=" " ind2=" ">
    <subfield code="a">Grohmann, Bianca</subfield>
    <subfield code="9">26417</subfield>
    <subfield code="e">author</subfield>
  </datafield>
  <datafield tag="856" ind1=" " ind2=" ">
    <subfield code="u">https://research-ebsco-com.hub.tbs-education.fr/linkprocessor/plink?id=2dc42ac5-4ca7-3a4d-a44d-8528a4004d83</subfield>
  </datafield>
  <datafield tag="942" ind1=" " ind2=" ">
    <subfield code="2">lcc</subfield>
  </datafield>
  <datafield tag="952" ind1=" " ind2=" ">
    <subfield code="0">0</subfield>
    <subfield code="1">0</subfield>
    <subfield code="2">lcc</subfield>
    <subfield code="4">0</subfield>
    <subfield code="7">0</subfield>
    <subfield code="a">TBS</subfield>
    <subfield code="b">TBS</subfield>
    <subfield code="d">2025-11-04</subfield>
    <subfield code="l">0</subfield>
    <subfield code="p">5141</subfield>
    <subfield code="r">2025-11-04</subfield>
    <subfield code="u">https://research-ebsco-com.hub.tbs-education.fr/linkprocessor/plink?id=2dc42ac5-4ca7-3a4d-a44d-8528a4004d83</subfield>
    <subfield code="w">2025-11-04</subfield>
    <subfield code="y">ARTICLE</subfield>
  </datafield>
  <datafield tag="999" ind1=" " ind2=" ">
    <subfield code="c">5141</subfield>
    <subfield code="d">5141</subfield>
  </datafield>
</record>
